RANDOM WORDS - Statistics

General Stats
  • This quiz has been taken 3 times
  • The average score is 2 of 12
Answer Stats
Answer % Correct
THE
67%
YOU
67%
ALL
33%
BE
33%
I
33%
ADDED
0%
AMAZING
0%
ANSWERS
0%
CAN
0%
HERE
0%
IN
0%
OF
0%
No matching quizzes found
Score Distribution
Percent of People with Each Score
Percentile by Number Answered
Your Score History
You have not taken this quiz